<?xml version="1.0" encoding="UTF-8"?>
<record
    xmlns:xsi="http://www.w3.org/2001/XMLSchema-instance"
    xsi:schemaLocation="http://www.loc.gov/MARC21/slim http://www.loc.gov/standards/marcxml/schema/MARC21slim.xsd"
    xmlns="http://www.loc.gov/MARC21/slim">

  <leader>01036nas a2200253 454500</leader>
  <controlfield tag="001">23607</controlfield>
  <controlfield tag="005">20260407193506.0</controlfield>
  <controlfield tag="008">260407s1973####ag###########|||spa#d</controlfield>
  <controlfield tag="003">AR-UNSa-BCEJYS</controlfield>
  <datafield tag="040" ind1=" " ind2=" ">
    <subfield code="a">AR-UNSa-BCEJYS</subfield>
    <subfield code="b">spa</subfield>
    <subfield code="c">AR-UNSa-BCEJYS</subfield>
  </datafield>
  <datafield tag="080" ind1=" " ind2=" ">
    <subfield code="a">338</subfield>
    <subfield code="x">Situaci&#xF3;n econ&#xF3;mica. Pol&#xED;tica econ&#xF3;mica. Gesti&#xF3;n de la econom&#xED;a. Planificaci&#xF3;n de la econom&#xED;a. Producci&#xF3;n. Servicios. Precios</subfield>
  </datafield>
  <datafield tag="245" ind1="1" ind2="0">
    <subfield code="a">Bolet&#xED;n del Consejo Federal de Inversiones</subfield>
  </datafield>
  <datafield tag="022" ind1=" " ind2=" ">
    <subfield code="a">0325-0881</subfield>
  </datafield>
  <datafield tag="264" ind1=" " ind2="1">
    <subfield code="a">Buenos Aires :</subfield>
    <subfield code="b">CFI (Consejo Federal de Inversiones)</subfield>
    <subfield code="c">1973</subfield>
  </datafield>
  <datafield tag="310" ind1=" " ind2=" ">
    <subfield code="a">Frecuencia: Bimestral
Cambia de frecuencia por Mensual
Cambia de t&#xED;tulo a partir del N&#xBA; 6 por El boletin CFI</subfield>
  </datafield>
  <datafield tag="942" ind1=" " ind2=" ">
    <subfield code="c">SER</subfield>
  </datafield>
  <datafield tag="590" ind1=" " ind2=" ">
    <subfield code="a">niveau_biblio:s niveau_hierar:1</subfield>
  </datafield>
  <datafield tag="100" ind1="1" ind2=" ">
    <subfield code="a">Consejo Federal de Inversiones (CFI)</subfield>
  </datafield>
  <datafield tag="650" ind1=" " ind2=" ">
    <subfield code="a">Agricultura</subfield>
  </datafield>
  <datafield tag="650" ind1=" " ind2=" ">
    <subfield code="a">INVERSIONES</subfield>
  </datafield>
  <datafield tag="650" ind1=" " ind2=" ">
    <subfield code="a">Tecnolog&#xED;a</subfield>
  </datafield>
  <datafield tag="650" ind1=" " ind2=" ">
    <subfield code="a">Ciencia</subfield>
  </datafield>
  <datafield tag="856" ind1="4" ind2="1">
    <subfield code="u">https://biblioeco.unsa.edu.ar/pmb/images/revistas/Consejo Ferderal de Inversiones.jpg</subfield>
    <subfield code="y">Imagen de portada</subfield>
    <subfield code="q">image/jpeg</subfield>
  </datafield>
  <datafield tag="999" ind1=" " ind2=" ">
    <subfield code="c">8561</subfield>
    <subfield code="d">8561</subfield>
  </datafield>
  <datafield tag="952" ind1=" " ind2=" ">
    <subfield code="0">0</subfield>
    <subfield code="1">0</subfield>
    <subfield code="4">0</subfield>
    <subfield code="7">0</subfield>
    <subfield code="a">BCEJYS</subfield>
    <subfield code="b">BCEJYS</subfield>
    <subfield code="c">13</subfield>
    <subfield code="d">1998-02-01</subfield>
    <subfield code="h">N&#xBA; 35 - fe./abr. 1998</subfield>
    <subfield code="l">0</subfield>
    <subfield code="o">H338 CFI 35</subfield>
    <subfield code="p">R21039</subfield>
    <subfield code="r">2026-04-10 16:08:14</subfield>
    <subfield code="w">2026-04-10</subfield>
    <subfield code="y">RN</subfield>
  </datafield>
  <datafield tag="952" ind1=" " ind2=" ">
    <subfield code="0">0</subfield>
    <subfield code="1">0</subfield>
    <subfield code="4">0</subfield>
    <subfield code="7">0</subfield>
    <subfield code="a">BCEJYS</subfield>
    <subfield code="b">BCEJYS</subfield>
    <subfield code="c">13</subfield>
    <subfield code="d">1997-09-01</subfield>
    <subfield code="h">N&#xBA; 34 - sep. 1997/ene. 1998</subfield>
    <subfield code="l">0</subfield>
    <subfield code="o">H338 CFI 34</subfield>
    <subfield code="p">R21038</subfield>
    <subfield code="r">2026-04-10 16:08:14</subfield>
    <subfield code="w">2026-04-10</subfield>
    <subfield code="y">RN</subfield>
  </datafield>
  <datafield tag="952" ind1=" " ind2=" ">
    <subfield code="0">0</subfield>
    <subfield code="1">0</subfield>
    <subfield code="4">0</subfield>
    <subfield code="7">0</subfield>
    <subfield code="a">BCEJYS</subfield>
    <subfield code="b">BCEJYS</subfield>
    <subfield code="c">13</subfield>
    <subfield code="d">1997-06-01</subfield>
    <subfield code="h">N&#xBA; 33 - jun./ago. 1997</subfield>
    <subfield code="l">0</subfield>
    <subfield code="o">H338 CFI 33</subfield>
    <subfield code="p">R21037</subfield>
    <subfield code="r">2026-04-10 16:08:14</subfield>
    <subfield code="w">2026-04-10</subfield>
    <subfield code="y">RN</subfield>
  </datafield>
  <datafield tag="952" ind1=" " ind2=" ">
    <subfield code="0">0</subfield>
    <subfield code="1">0</subfield>
    <subfield code="4">0</subfield>
    <subfield code="7">0</subfield>
    <subfield code="a">BCEJYS</subfield>
    <subfield code="b">BCEJYS</subfield>
    <subfield code="c">13</subfield>
    <subfield code="d">1997-03-01</subfield>
    <subfield code="h">N&#xBA; 32 - mar./mayo 1997</subfield>
    <subfield code="l">0</subfield>
    <subfield code="o">H338 CFI 32</subfield>
    <subfield code="p">R21036</subfield>
    <subfield code="r">2026-04-10 16:08:14</subfield>
    <subfield code="w">2026-04-10</subfield>
    <subfield code="y">RN</subfield>
  </datafield>
  <datafield tag="952" ind1=" " ind2=" ">
    <subfield code="0">0</subfield>
    <subfield code="1">0</subfield>
    <subfield code="4">0</subfield>
    <subfield code="7">0</subfield>
    <subfield code="a">BCEJYS</subfield>
    <subfield code="b">BCEJYS</subfield>
    <subfield code="c">17</subfield>
    <subfield code="d">1997-02-01</subfield>
    <subfield code="h">N&#xBA; 31 - feb. 1997</subfield>
    <subfield code="l">0</subfield>
    <subfield code="o">H338 CFI 31</subfield>
    <subfield code="p">R11255</subfield>
    <subfield code="r">2026-04-10 16:08:14</subfield>
    <subfield code="w">2026-04-10</subfield>
    <subfield code="y">RN</subfield>
  </datafield>
  <datafield tag="952" ind1=" " ind2=" ">
    <subfield code="0">0</subfield>
    <subfield code="1">0</subfield>
    <subfield code="4">0</subfield>
    <subfield code="7">0</subfield>
    <subfield code="a">BCEJYS</subfield>
    <subfield code="b">BCEJYS</subfield>
    <subfield code="c">17</subfield>
    <subfield code="d">1996-09-01</subfield>
    <subfield code="h">N&#xBA; 30 - sep./nov. 1996</subfield>
    <subfield code="l">0</subfield>
    <subfield code="o">H338 CFI 30</subfield>
    <subfield code="p">R11877</subfield>
    <subfield code="r">2026-04-10 16:08:14</subfield>
    <subfield code="w">2026-04-10</subfield>
    <subfield code="y">RN</subfield>
  </datafield>
  <datafield tag="952" ind1=" " ind2=" ">
    <subfield code="0">0</subfield>
    <subfield code="1">0</subfield>
    <subfield code="4">0</subfield>
    <subfield code="7">0</subfield>
    <subfield code="a">BCEJYS</subfield>
    <subfield code="b">BCEJYS</subfield>
    <subfield code="c">17</subfield>
    <subfield code="d">1996-07-01</subfield>
    <subfield code="h">N&#xBA; 29 - jul./ago. 1996</subfield>
    <subfield code="l">0</subfield>
    <subfield code="o">H338 CFI 29</subfield>
    <subfield code="p">R11254</subfield>
    <subfield code="r">2026-04-10 16:08:14</subfield>
    <subfield code="w">2026-04-10</subfield>
    <subfield code="y">RN</subfield>
  </datafield>
  <datafield tag="952" ind1=" " ind2=" ">
    <subfield code="0">0</subfield>
    <subfield code="1">0</subfield>
    <subfield code="4">0</subfield>
    <subfield code="7">0</subfield>
    <subfield code="a">BCEJYS</subfield>
    <subfield code="b">BCEJYS</subfield>
    <subfield code="c">17</subfield>
    <subfield code="d">1996-05-01</subfield>
    <subfield code="h">N&#xBA; 28 - mayo/jun. 1996</subfield>
    <subfield code="l">0</subfield>
    <subfield code="o">H338 CFI 28</subfield>
    <subfield code="p">R11253</subfield>
    <subfield code="r">2026-04-10 16:08:14</subfield>
    <subfield code="w">2026-04-10</subfield>
    <subfield code="y">RN</subfield>
  </datafield>
  <datafield tag="952" ind1=" " ind2=" ">
    <subfield code="0">0</subfield>
    <subfield code="1">0</subfield>
    <subfield code="4">0</subfield>
    <subfield code="7">0</subfield>
    <subfield code="a">BCEJYS</subfield>
    <subfield code="b">BCEJYS</subfield>
    <subfield code="c">17</subfield>
    <subfield code="d">1996-03-01</subfield>
    <subfield code="h">N&#xBA; 27 - mar. 1996</subfield>
    <subfield code="l">0</subfield>
    <subfield code="o">H338 CFI 27</subfield>
    <subfield code="p">R11252</subfield>
    <subfield code="r">2026-04-10 16:08:14</subfield>
    <subfield code="w">2026-04-10</subfield>
    <subfield code="y">RN</subfield>
  </datafield>
  <datafield tag="952" ind1=" " ind2=" ">
    <subfield code="0">0</subfield>
    <subfield code="1">0</subfield>
    <subfield code="4">0</subfield>
    <subfield code="7">0</subfield>
    <subfield code="a">BCEJYS</subfield>
    <subfield code="b">BCEJYS</subfield>
    <subfield code="c">17</subfield>
    <subfield code="d">1995-09-01</subfield>
    <subfield code="h">N&#xBA; 26 - sep. 1995</subfield>
    <subfield code="l">0</subfield>
    <subfield code="o">H338 CFI 26</subfield>
    <subfield code="p">R11251</subfield>
    <subfield code="r">2026-04-10 16:08:14</subfield>
    <subfield code="w">2026-04-10</subfield>
    <subfield code="y">RN</subfield>
  </datafield>
  <datafield tag="952" ind1=" " ind2=" ">
    <subfield code="0">0</subfield>
    <subfield code="1">0</subfield>
    <subfield code="4">0</subfield>
    <subfield code="7">0</subfield>
    <subfield code="a">BCEJYS</subfield>
    <subfield code="b">BCEJYS</subfield>
    <subfield code="c">17</subfield>
    <subfield code="d">1995-05-01</subfield>
    <subfield code="h">N&#xBA; 25 - mayo 1995</subfield>
    <subfield code="l">0</subfield>
    <subfield code="o">H338 CFI 25</subfield>
    <subfield code="p">R11250</subfield>
    <subfield code="r">2026-04-10 16:08:14</subfield>
    <subfield code="w">2026-04-10</subfield>
    <subfield code="y">RN</subfield>
  </datafield>
  <datafield tag="952" ind1=" " ind2=" ">
    <subfield code="0">0</subfield>
    <subfield code="1">0</subfield>
    <subfield code="4">0</subfield>
    <subfield code="7">0</subfield>
    <subfield code="a">BCEJYS</subfield>
    <subfield code="b">BCEJYS</subfield>
    <subfield code="c">17</subfield>
    <subfield code="d">1994-11-01</subfield>
    <subfield code="h">nov. 1994</subfield>
    <subfield code="l">0</subfield>
    <subfield code="o">H338 CFI 1994</subfield>
    <subfield code="p">R11878</subfield>
    <subfield code="r">2026-04-10 16:08:14</subfield>
    <subfield code="w">2026-04-10</subfield>
    <subfield code="y">RN</subfield>
  </datafield>
  <datafield tag="952" ind1=" " ind2=" ">
    <subfield code="0">0</subfield>
    <subfield code="1">0</subfield>
    <subfield code="4">0</subfield>
    <subfield code="7">0</subfield>
    <subfield code="a">BCEJYS</subfield>
    <subfield code="b">BCEJYS</subfield>
    <subfield code="c">17</subfield>
    <subfield code="d">1994-02-01</subfield>
    <subfield code="h">N&#xBA; 24 - feb./mar. 1994</subfield>
    <subfield code="l">0</subfield>
    <subfield code="o">H338 CFI 24</subfield>
    <subfield code="p">R11249</subfield>
    <subfield code="r">2026-04-10 16:08:14</subfield>
    <subfield code="w">2026-04-10</subfield>
    <subfield code="y">RN</subfield>
  </datafield>
  <datafield tag="952" ind1=" " ind2=" ">
    <subfield code="0">0</subfield>
    <subfield code="1">0</subfield>
    <subfield code="4">0</subfield>
    <subfield code="7">0</subfield>
    <subfield code="a">BCEJYS</subfield>
    <subfield code="b">BCEJYS</subfield>
    <subfield code="c">17</subfield>
    <subfield code="d">1993-10-01</subfield>
    <subfield code="h">N&#xBA; 23 - oct./dic. 1993</subfield>
    <subfield code="l">0</subfield>
    <subfield code="o">H338 CFI 23</subfield>
    <subfield code="p">R11248</subfield>
    <subfield code="r">2026-04-10 16:08:14</subfield>
    <subfield code="w">2026-04-10</subfield>
    <subfield code="y">RN</subfield>
  </datafield>
  <datafield tag="952" ind1=" " ind2=" ">
    <subfield code="0">0</subfield>
    <subfield code="1">0</subfield>
    <subfield code="4">0</subfield>
    <subfield code="7">0</subfield>
    <subfield code="a">BCEJYS</subfield>
    <subfield code="b">BCEJYS</subfield>
    <subfield code="c">17</subfield>
    <subfield code="d">1993-08-01</subfield>
    <subfield code="h">N&#xBA; 22 - ago./sep. 1993</subfield>
    <subfield code="l">0</subfield>
    <subfield code="o">H338 CFI 22</subfield>
    <subfield code="p">R11247</subfield>
    <subfield code="r">2026-04-10 16:08:14</subfield>
    <subfield code="w">2026-04-10</subfield>
    <subfield code="y">RN</subfield>
  </datafield>
  <datafield tag="952" ind1=" " ind2=" ">
    <subfield code="0">0</subfield>
    <subfield code="1">0</subfield>
    <subfield code="4">0</subfield>
    <subfield code="7">0</subfield>
    <subfield code="a">BCEJYS</subfield>
    <subfield code="b">BCEJYS</subfield>
    <subfield code="c">17</subfield>
    <subfield code="d">1993-06-01</subfield>
    <subfield code="h">N&#xBA; 21 - jun./jul. 1993</subfield>
    <subfield code="l">0</subfield>
    <subfield code="o">H338 CFI 21</subfield>
    <subfield code="p">R11246</subfield>
    <subfield code="r">2026-04-10 16:08:14</subfield>
    <subfield code="w">2026-04-10</subfield>
    <subfield code="y">RN</subfield>
  </datafield>
  <datafield tag="952" ind1=" " ind2=" ">
    <subfield code="0">0</subfield>
    <subfield code="1">0</subfield>
    <subfield code="4">0</subfield>
    <subfield code="7">0</subfield>
    <subfield code="a">BCEJYS</subfield>
    <subfield code="b">BCEJYS</subfield>
    <subfield code="c">17</subfield>
    <subfield code="d">1993-04-01</subfield>
    <subfield code="h">N&#xBA; 20 - abr./mayo 1993</subfield>
    <subfield code="l">0</subfield>
    <subfield code="o">H338 CFI 20</subfield>
    <subfield code="p">R11245</subfield>
    <subfield code="r">2026-04-10 16:08:14</subfield>
    <subfield code="w">2026-04-10</subfield>
    <subfield code="y">RN</subfield>
  </datafield>
  <datafield tag="952" ind1=" " ind2=" ">
    <subfield code="0">0</subfield>
    <subfield code="1">0</subfield>
    <subfield code="4">0</subfield>
    <subfield code="7">0</subfield>
    <subfield code="a">BCEJYS</subfield>
    <subfield code="b">BCEJYS</subfield>
    <subfield code="c">17</subfield>
    <subfield code="d">1993-02-01</subfield>
    <subfield code="h">N&#xBA; 19 - feb./mar. 1993</subfield>
    <subfield code="l">0</subfield>
    <subfield code="o">H338 CFI 19</subfield>
    <subfield code="p">R11244</subfield>
    <subfield code="r">2026-04-10 16:08:14</subfield>
    <subfield code="w">2026-04-10</subfield>
    <subfield code="y">RN</subfield>
  </datafield>
  <datafield tag="952" ind1=" " ind2=" ">
    <subfield code="0">0</subfield>
    <subfield code="1">0</subfield>
    <subfield code="4">0</subfield>
    <subfield code="7">0</subfield>
    <subfield code="a">BCEJYS</subfield>
    <subfield code="b">BCEJYS</subfield>
    <subfield code="c">17</subfield>
    <subfield code="d">1992-10-01</subfield>
    <subfield code="h">N&#xBA; 18 - oct./nov. 1992</subfield>
    <subfield code="l">0</subfield>
    <subfield code="o">H338 CFI 18</subfield>
    <subfield code="p">R11226</subfield>
    <subfield code="r">2026-04-10 16:08:14</subfield>
    <subfield code="w">2026-04-10</subfield>
    <subfield code="y">RN</subfield>
  </datafield>
  <datafield tag="952" ind1=" " ind2=" ">
    <subfield code="0">0</subfield>
    <subfield code="1">0</subfield>
    <subfield code="4">0</subfield>
    <subfield code="7">0</subfield>
    <subfield code="a">BCEJYS</subfield>
    <subfield code="b">BCEJYS</subfield>
    <subfield code="c">17</subfield>
    <subfield code="d">1992-08-01</subfield>
    <subfield code="h">N&#xBA; 17 - ago./sep. 1992</subfield>
    <subfield code="l">0</subfield>
    <subfield code="o">H338 CFI 17</subfield>
    <subfield code="p">R11243</subfield>
    <subfield code="r">2026-04-10 16:08:14</subfield>
    <subfield code="w">2026-04-10</subfield>
    <subfield code="y">RN</subfield>
  </datafield>
  <datafield tag="952" ind1=" " ind2=" ">
    <subfield code="0">0</subfield>
    <subfield code="1">0</subfield>
    <subfield code="4">0</subfield>
    <subfield code="7">0</subfield>
    <subfield code="a">BCEJYS</subfield>
    <subfield code="b">BCEJYS</subfield>
    <subfield code="c">17</subfield>
    <subfield code="d">1992-06-01</subfield>
    <subfield code="h">N&#xBA; 16 - jun./jul. 1992</subfield>
    <subfield code="l">0</subfield>
    <subfield code="o">H338 CFI 16</subfield>
    <subfield code="p">R11242</subfield>
    <subfield code="r">2026-04-10 16:08:14</subfield>
    <subfield code="w">2026-04-10</subfield>
    <subfield code="y">RN</subfield>
  </datafield>
  <datafield tag="952" ind1=" " ind2=" ">
    <subfield code="0">0</subfield>
    <subfield code="1">0</subfield>
    <subfield code="4">0</subfield>
    <subfield code="7">0</subfield>
    <subfield code="a">BCEJYS</subfield>
    <subfield code="b">BCEJYS</subfield>
    <subfield code="c">17</subfield>
    <subfield code="d">1992-04-01</subfield>
    <subfield code="h">N&#xBA; 15 - abr./mayo 1992</subfield>
    <subfield code="l">0</subfield>
    <subfield code="o">H338 CFI 15</subfield>
    <subfield code="p">R11241</subfield>
    <subfield code="r">2026-04-10 16:08:14</subfield>
    <subfield code="w">2026-04-10</subfield>
    <subfield code="y">RN</subfield>
  </datafield>
  <datafield tag="952" ind1=" " ind2=" ">
    <subfield code="0">0</subfield>
    <subfield code="1">0</subfield>
    <subfield code="4">0</subfield>
    <subfield code="7">0</subfield>
    <subfield code="a">BCEJYS</subfield>
    <subfield code="b">BCEJYS</subfield>
    <subfield code="c">17</subfield>
    <subfield code="d">1992-02-01</subfield>
    <subfield code="h">N&#xBA; 14 - feb./mar. 1992</subfield>
    <subfield code="l">0</subfield>
    <subfield code="o">H338 CFI 14</subfield>
    <subfield code="p">R11240</subfield>
    <subfield code="r">2026-04-10 16:08:14</subfield>
    <subfield code="w">2026-04-10</subfield>
    <subfield code="y">RN</subfield>
  </datafield>
  <datafield tag="952" ind1=" " ind2=" ">
    <subfield code="0">0</subfield>
    <subfield code="1">0</subfield>
    <subfield code="4">0</subfield>
    <subfield code="7">0</subfield>
    <subfield code="a">BCEJYS</subfield>
    <subfield code="b">BCEJYS</subfield>
    <subfield code="c">17</subfield>
    <subfield code="d">1991-10-01</subfield>
    <subfield code="h">N&#xBA; 13 - oct./nov. 1991</subfield>
    <subfield code="l">0</subfield>
    <subfield code="o">H338 CFI 13</subfield>
    <subfield code="p">R11239</subfield>
    <subfield code="r">2026-04-10 16:08:14</subfield>
    <subfield code="w">2026-04-10</subfield>
    <subfield code="y">RN</subfield>
  </datafield>
  <datafield tag="952" ind1=" " ind2=" ">
    <subfield code="0">0</subfield>
    <subfield code="1">0</subfield>
    <subfield code="4">0</subfield>
    <subfield code="7">0</subfield>
    <subfield code="a">BCEJYS</subfield>
    <subfield code="b">BCEJYS</subfield>
    <subfield code="c">17</subfield>
    <subfield code="d">1991-08-01</subfield>
    <subfield code="h">N&#xBA; 12 - ago./sep. 1991</subfield>
    <subfield code="l">0</subfield>
    <subfield code="o">H338 CFI 12</subfield>
    <subfield code="p">R11238</subfield>
    <subfield code="r">2026-04-10 16:08:14</subfield>
    <subfield code="w">2026-04-10</subfield>
    <subfield code="y">RN</subfield>
  </datafield>
  <datafield tag="952" ind1=" " ind2=" ">
    <subfield code="0">0</subfield>
    <subfield code="1">0</subfield>
    <subfield code="4">0</subfield>
    <subfield code="7">0</subfield>
    <subfield code="a">BCEJYS</subfield>
    <subfield code="b">BCEJYS</subfield>
    <subfield code="c">17</subfield>
    <subfield code="d">1991-06-01</subfield>
    <subfield code="h">N&#xBA; 11 - jun./jul. 1991</subfield>
    <subfield code="l">0</subfield>
    <subfield code="o">H338 CFI 11</subfield>
    <subfield code="p">R11237</subfield>
    <subfield code="r">2026-04-10 16:08:14</subfield>
    <subfield code="w">2026-04-10</subfield>
    <subfield code="y">RN</subfield>
  </datafield>
  <datafield tag="952" ind1=" " ind2=" ">
    <subfield code="0">0</subfield>
    <subfield code="1">0</subfield>
    <subfield code="4">0</subfield>
    <subfield code="7">0</subfield>
    <subfield code="a">BCEJYS</subfield>
    <subfield code="b">BCEJYS</subfield>
    <subfield code="c">17</subfield>
    <subfield code="d">1991-04-01</subfield>
    <subfield code="h">N&#xBA; 10 - abr./mayo 1991</subfield>
    <subfield code="l">0</subfield>
    <subfield code="o">H338 CFI 10</subfield>
    <subfield code="p">R11236</subfield>
    <subfield code="r">2026-04-10 16:08:14</subfield>
    <subfield code="w">2026-04-10</subfield>
    <subfield code="y">RN</subfield>
  </datafield>
  <datafield tag="952" ind1=" " ind2=" ">
    <subfield code="0">0</subfield>
    <subfield code="1">0</subfield>
    <subfield code="4">0</subfield>
    <subfield code="7">0</subfield>
    <subfield code="a">BCEJYS</subfield>
    <subfield code="b">BCEJYS</subfield>
    <subfield code="c">17</subfield>
    <subfield code="d">1991-02-01</subfield>
    <subfield code="h">N&#xBA; 9 - feb./mar. 1991</subfield>
    <subfield code="l">0</subfield>
    <subfield code="o">H338 CFI 9</subfield>
    <subfield code="p">R11235</subfield>
    <subfield code="r">2026-04-10 16:08:14</subfield>
    <subfield code="w">2026-04-10</subfield>
    <subfield code="y">RN</subfield>
  </datafield>
  <datafield tag="952" ind1=" " ind2=" ">
    <subfield code="0">0</subfield>
    <subfield code="1">0</subfield>
    <subfield code="4">0</subfield>
    <subfield code="7">0</subfield>
    <subfield code="a">BCEJYS</subfield>
    <subfield code="b">BCEJYS</subfield>
    <subfield code="c">17</subfield>
    <subfield code="d">1990-10-01</subfield>
    <subfield code="h">N&#xBA; 8 - oct./nov. 1990</subfield>
    <subfield code="l">0</subfield>
    <subfield code="o">H338 CFI 8</subfield>
    <subfield code="p">R11234</subfield>
    <subfield code="r">2026-04-10 16:08:14</subfield>
    <subfield code="w">2026-04-10</subfield>
    <subfield code="y">RN</subfield>
  </datafield>
  <datafield tag="952" ind1=" " ind2=" ">
    <subfield code="0">0</subfield>
    <subfield code="1">0</subfield>
    <subfield code="4">0</subfield>
    <subfield code="7">0</subfield>
    <subfield code="a">BCEJYS</subfield>
    <subfield code="b">BCEJYS</subfield>
    <subfield code="c">17</subfield>
    <subfield code="d">1990-08-01</subfield>
    <subfield code="h">N&#xBA; 7 - ago./sep. 1990</subfield>
    <subfield code="l">0</subfield>
    <subfield code="o">H338 CFI 7</subfield>
    <subfield code="p">R11233</subfield>
    <subfield code="r">2026-04-10 16:08:14</subfield>
    <subfield code="w">2026-04-10</subfield>
    <subfield code="y">RN</subfield>
  </datafield>
  <datafield tag="952" ind1=" " ind2=" ">
    <subfield code="0">0</subfield>
    <subfield code="1">0</subfield>
    <subfield code="4">0</subfield>
    <subfield code="7">0</subfield>
    <subfield code="a">BCEJYS</subfield>
    <subfield code="b">BCEJYS</subfield>
    <subfield code="c">17</subfield>
    <subfield code="d">1990-06-01</subfield>
    <subfield code="h">N&#xBA; 6 - jun./jul. 1990</subfield>
    <subfield code="l">0</subfield>
    <subfield code="o">H338 CFI 6</subfield>
    <subfield code="p">R11232</subfield>
    <subfield code="r">2026-04-10 16:08:14</subfield>
    <subfield code="w">2026-04-10</subfield>
    <subfield code="y">RN</subfield>
  </datafield>
  <datafield tag="952" ind1=" " ind2=" ">
    <subfield code="0">0</subfield>
    <subfield code="1">0</subfield>
    <subfield code="4">0</subfield>
    <subfield code="7">0</subfield>
    <subfield code="a">BCEJYS</subfield>
    <subfield code="b">BCEJYS</subfield>
    <subfield code="c">17</subfield>
    <subfield code="d">1988-11-01</subfield>
    <subfield code="h">N&#xBA; 5 - nov. 1988</subfield>
    <subfield code="l">0</subfield>
    <subfield code="o">H338 CFI 5</subfield>
    <subfield code="p">R11876</subfield>
    <subfield code="r">2026-04-10 16:08:14</subfield>
    <subfield code="w">2026-04-10</subfield>
    <subfield code="y">RN</subfield>
  </datafield>
  <datafield tag="952" ind1=" " ind2=" ">
    <subfield code="0">0</subfield>
    <subfield code="1">0</subfield>
    <subfield code="4">0</subfield>
    <subfield code="7">0</subfield>
    <subfield code="a">BCEJYS</subfield>
    <subfield code="b">BCEJYS</subfield>
    <subfield code="c">17</subfield>
    <subfield code="d">1988-04-01</subfield>
    <subfield code="h">N&#xBA; 4 - abr. 1988</subfield>
    <subfield code="l">0</subfield>
    <subfield code="o">H338 CFI 4</subfield>
    <subfield code="p">R11231</subfield>
    <subfield code="r">2026-04-10 16:08:14</subfield>
    <subfield code="w">2026-04-10</subfield>
    <subfield code="y">RN</subfield>
  </datafield>
  <datafield tag="952" ind1=" " ind2=" ">
    <subfield code="0">0</subfield>
    <subfield code="1">0</subfield>
    <subfield code="4">0</subfield>
    <subfield code="7">0</subfield>
    <subfield code="a">BCEJYS</subfield>
    <subfield code="b">BCEJYS</subfield>
    <subfield code="c">17</subfield>
    <subfield code="d">1987-12-01</subfield>
    <subfield code="h">N&#xBA; 3 - dic. 1987</subfield>
    <subfield code="l">0</subfield>
    <subfield code="o">H338 CFI 3</subfield>
    <subfield code="p">R11230</subfield>
    <subfield code="r">2026-04-10 16:08:14</subfield>
    <subfield code="w">2026-04-10</subfield>
    <subfield code="y">RN</subfield>
  </datafield>
  <datafield tag="952" ind1=" " ind2=" ">
    <subfield code="0">0</subfield>
    <subfield code="1">0</subfield>
    <subfield code="4">0</subfield>
    <subfield code="7">0</subfield>
    <subfield code="a">BCEJYS</subfield>
    <subfield code="b">BCEJYS</subfield>
    <subfield code="c">17</subfield>
    <subfield code="d">1986-12-01</subfield>
    <subfield code="h">N&#xBA; 1 - dic. 1986</subfield>
    <subfield code="l">0</subfield>
    <subfield code="o">H338 CFI 1</subfield>
    <subfield code="p">R11229</subfield>
    <subfield code="r">2026-04-10 16:08:14</subfield>
    <subfield code="w">2026-04-10</subfield>
    <subfield code="y">RN</subfield>
  </datafield>
  <datafield tag="952" ind1=" " ind2=" ">
    <subfield code="0">0</subfield>
    <subfield code="1">0</subfield>
    <subfield code="4">0</subfield>
    <subfield code="7">0</subfield>
    <subfield code="a">BCEJYS</subfield>
    <subfield code="b">BCEJYS</subfield>
    <subfield code="c">17</subfield>
    <subfield code="d">1977-01-01</subfield>
    <subfield code="h">ene. 1977</subfield>
    <subfield code="l">0</subfield>
    <subfield code="o">H338 CFI 1/1977</subfield>
    <subfield code="p">R11228</subfield>
    <subfield code="r">2026-04-10 16:08:14</subfield>
    <subfield code="w">2026-04-10</subfield>
    <subfield code="y">RN</subfield>
  </datafield>
  <datafield tag="952" ind1=" " ind2=" ">
    <subfield code="0">0</subfield>
    <subfield code="1">0</subfield>
    <subfield code="4">0</subfield>
    <subfield code="7">0</subfield>
    <subfield code="a">BCEJYS</subfield>
    <subfield code="b">BCEJYS</subfield>
    <subfield code="c">17</subfield>
    <subfield code="d">1973-04-01</subfield>
    <subfield code="h">abr. 1973</subfield>
    <subfield code="l">0</subfield>
    <subfield code="o">H338 CFI 4/1973</subfield>
    <subfield code="p">R11227</subfield>
    <subfield code="r">2026-04-10 16:08:14</subfield>
    <subfield code="w">2026-04-10</subfield>
    <subfield code="y">RN</subfield>
  </datafield>
</record>
